000 01308nam a22003017a 4500
005 20231108113447.0
010 _a1617EN ENG-115063 ENG-138239
020 _a9789339221607
_c675.00
020 _a9339221605
_c675.00
035 _aB-653223-230
035 _aEN-98595 EN-121771
035 _aB-665133
037 _bABC
_adpl
037 _bDBAD/PUB
082 _a658.45
100 _aCardon, Peter W.
_958287
245 _aBusiness communication:
_bDeveloping leaders for a networked world/
_cBy Peter W. Cardon
260 _aNew Delhi
_bMcGraw Hill Education
_c2015
270 _aP-24, Green Park Extension
_bNew Delhi
_e110016
300 _axxxv,556p.
_c28cm(pbk)
_bill.
500 _aIncludes bibliographical references and index
650 _aBusiness communication
_958288
650 _aBusiness enterprises
_xComputer networks
_958289
650 _aBusiness communication
_xComputer network resources
_958290
942 _2ddc
_cEN
_mCAR
_h658.45
999 _c99419
_d99419